000 00538nam a2200193Ia 4500
003 GCL
008 140319s9999 xx 000 0 ara d
040 _aGCL /
_cGCL
082 0 4 _a924
_bف ا
100 1 _aفخرالدين الرازى
245 1 0 _aابن عصفور والتصريف /
_cفخرالدين الرازى
700 1 _aفخرالدين قبادة
300 _a300 ص
490 _a100 قصة
_v0
650 0 4 _aاللغة العربية
650 0 4 _aالتصريف
650 0 4 _aابن عصفور
942 _2ddc
_cBK
999 _c45580
_d45580